00274 a2200121 4500001000700000040003500007100002800042240002800070245002300098300000700121362000900128440001500137154235 cEscola São Tomás de Aquino aDOSTOIÉVSKI, Fiódor10aUm pequeno heróilpor10aUm pequeno herói a880 a2015 1aEditora 34